[Event "FB22 1920 SK Langen - SK Doppelbauer Ki"]
[Site "?"]
[Date "2019.12.14"]
[Round "3.1"]
[White "Silz, Elisa"]
[Black "Siegismund, Annelen"]
[Result "1-0"]
[WhiteElo "2062"]
[BlackElo "2139"]
[PlyCount "143"]
[EventDate "2019.??.??"]

1. d4 Nf6 2. Nf3 e6 3. c4 b6 4. g3 Ba6 5. b3 Bb4+ 6. Nbd2 Bb7 7. Qc2 Be4 8. Qb2
c5 9. a3 Bxd2+ 10. Bxd2 Nc6 11. Bc3 cxd4 12. Bxd4 Nxd4 13. Qxd4 d5 14. cxd5
Qxd5 15. Qxd5 Bxd5 16. b4 a5 17. b5 Rc8 18. Bg2 Rc5 19. a4 Ke7 20. O-O Rhc8 21.
Nd4 Ne4 22. Rfe1 Rc4 23. e3 g6 24. Red1 Kf6 25. Bxe4 Bxe4 26. f3 Ba8 27. f4 Be4
28. Ra2 Rc1 29. Rad2 R8c4 30. Ne2 Rxd1+ 31. Rxd1 Rc2 32. Kf2 Ke7 33. g4 Bd5 34.
g5 Bc4 35. Re1 Kd6 36. Kf3 Bd5+ 37. e4 Bb3 38. Rd1+ Kc7 39. Rd4 Bc4 40. Ng3
Rc3+ 41. Kf2 Rc2+ 42. Ke3 e5 43. fxe5 Be6 44. Ne2 Ra2 45. Nf4 Rxh2 46. Nxe6+
fxe6 47. Rd6 h6 48. gxh6 Rxh6 49. Rxe6 Rh3+ 50. Kf4 Ra3 51. Rc6+ Kd7 52. Rxb6
Rxa4 53. Rxg6 Rb4 54. b6 a4 55. Kf5 Rb5 56. Rd6+ Kc8 57. Rd4 Ra5 58. Kf6 a3 59.
e6 a2 60. e7 a1=Q 61. e8=Q+ Kb7 62. Qd7+ Kxb6 63. e5 Qf1+ 64. Qf5 Ra1 65. Rf4
Qe1 66. Qe6+ Ka5 67. Qd5+ Kb6 68. Qd4+ Kb5 69. e6 Ra6 70. Rf5+ Kc6 71. Rc5+ Kb7
72. Qd7+ 1-0

[Event "FB22 1920 SK Langen - SK Doppelbauer Ki"]
[Site "?"]
[Date "2019.12.14"]
[Round "3.2"]
[White "Rollot, Florence"]
[Black "Wohlers-Armas, Friederike"]
[Result "1-0"]
[WhiteElo "1926"]
[BlackElo "1973"]
[PlyCount "47"]
[EventDate "2019.??.??"]

1. Nf3 c5 2. c4 Nf6 3. Nc3 g6 4. g3 Bg7 5. Bg2 O-O 6. d4 cxd4 7. Nxd4 Nc6 8.
O-O Nxd4 9. Qxd4 d6 10. Rd1 Nd7 11. Qh4 Re8 12. Bg5 f6 13. Bh6 Bxh6 14. Qxh6
Ne5 15. h3 Nf7 16. Qf4 Kg7 17. c5 g5 18. Qb4 Qd7 19. Rac1 dxc5 20. Qxc5 Nd6 21.
Nd5 b6 22. Qc7 Nb5 23. Qxd7 Bxd7 24. Nxf6 1-0

[Event "FB22 1920 SK Langen - SK Doppelbauer Ki"]
[Site "?"]
[Date "2019.12.14"]
[Round "3.3"]
[White "Hielscher, Ursula"]
[Black "Flach, Helene"]
[Result "1-0"]
[WhiteElo "1804"]
[BlackElo "1807"]
[PlyCount "75"]
[EventDate "2019.??.??"]

1. d4 d5 2. c4 e6 3. Nc3 Be7 4. Nf3 Nf6 5. Bg5 O-O 6. e3 Nbd7 7. cxd5 exd5 8.
Bd3 c6 9. O-O Re8 10. Qc2 Nf8 11. Rfe1 g6 12. e4 dxe4 13. Nxe4 Ne6 14. Nxf6+
Bxf6 15. Bxf6 Qxf6 16. Bc4 Rd8 17. Qb3 b5 18. Bxe6 Bxe6 19. Qc3 Bd5 20. Ne5 Qg5
21. f3 Rac8 22. Ng4 Re8 23. Re5 Rxe5 24. dxe5 Be6 25. Nf6+ Kg7 26. Ne4 Qe7 27.
Nd6 Rc7 28. Rc1 a6 29. f4 Kg8 30. Qa5 f6 31. Ne8 Rc8 32. Nxf6+ Kf7 33. Qxa6 Qd8
34. Qa7+ Rc7 35. Qf2 Bxa2 36. Nxh7 Rd7 37. Ng5+ Kg8 38. Qc2 1-0

[Event "FB22 1920 SK Langen - SK Doppelbauer Ki"]
[Site "?"]
[Date "2019.12.14"]
[Round "3.4"]
[White "Buchholz, Maja"]
[Black "Franzenburg, Maria"]
[Result "1/2-1/2"]
[WhiteElo "1666"]
[BlackElo "1860"]
[PlyCount "126"]
[EventDate "2019.??.??"]

1. c4 f5 2. g3 g6 3. Bg2 Bg7 4. Nf3 Nf6 5. O-O O-O 6. Nc3 c6 7. d4 d6 8. d5 Qe8
9. Nd4 e5 10. dxe6 Bxe6 11. Nxe6 Qxe6 12. Bg5 Nbd7 13. Re1 Ne4 14. Nxe4 fxe4
15. Rb1 h6 16. Be3 Nf6 17. Qc2 d5 18. cxd5 cxd5 19. Qb3 b6 20. Bd4 Qf5 21. Rf1
Rac8 22. f3 exf3 23. Bxf6 Bxf6 24. Bxf3 Kg7 25. Bxd5 Qc2 26. Qa3 Rc7 27. Kg2
Qxe2+ 28. Rf2 Qe5 29. Bf3 Be7 30. Qb3 Bc5 31. Re2 Qd4 32. Rd1 Qb4 33. Qd5 Rcf7
34. Qe5+ Kh7 35. Qd5 Rxf3 36. Qxf3 Rxf3 37. Rd7+ Kg8 38. Kxf3 h5 39. Re8+ Bf8
40. Rdd8 Qg4+ 41. Kg2 Qf5 42. Rxf8+ Qxf8 43. Rxf8+ Kxf8 44. Kf3 Kf7 45. Kf4 Kf6
46. h4 b5 47. b4 a6 48. a3 Kf7 49. Ke5 Ke7 50. Kd5 Kd7 51. Kc5 Kc7 52. Kd5 Kd7
53. Ke5 Ke7 54. Kf4 Kf7 55. g4 Kf6 56. Ke4 hxg4 57. Kf4 g3 58. Kxg3 Ke5 59. Kg4
Ke6 60. Kg5 Kf7 61. Kh6 Kf6 62. Kh7 Kf7 63. Kh6 Kf6 1/2-1/2

[Event "FB22 1920 SK Langen - SK Doppelbauer Ki"]
[Site "?"]
[Date "2019.12.14"]
[Round "3.5"]
[White "Willrodt, Sonja"]
[Black "Kunisch, Nina"]
[Result "1/2-1/2"]
[WhiteElo "1870"]
[BlackElo "1694"]
[PlyCount "50"]
[EventDate "2019.??.??"]

1. Nf3 d5 2. d4 Nf6 3. g3 Nc6 4. Bg2 Bf5 5. c3 Qd7 6. O-O Bh3 7. Nbd2 Bxg2 8.
Kxg2 e6 9. Qc2 h6 10. e4 dxe4 11. Nxe4 Nxe4 12. Qxe4 f5 13. Qe2 O-O-O 14. b4 g5
15. Re1 Re8 16. b5 g4 17. bxc6 Qxc6 18. Bb2 h5 19. Rad1 Qd5 20. c4 gxf3+ 21.
Qxf3 Qxc4 22. d5 Rh6 23. dxe6 Qg4 24. Qd3 Bd6 25. e7 f4 1/2-1/2

[Event "FB22 1920 SV Mülheim-Nord - Lübecker"]
[Site "?"]
[Date "2019.12.14"]
[Round "3.1"]
[White "Kopylov, Luba"]
[Black "Plass, Mariana-Camelia"]
[Result "1/2-1/2"]
[WhiteElo "2018"]
[BlackElo "2049"]
[PlyCount "54"]
[EventDate "2019.??.??"]

1. d4 Nf6 2. c4 e6 3. Nc3 d5 4. cxd5 Nxd5 5. e4 Nxc3 6. bxc3 c5 7. Nf3 cxd4 8.
cxd4 Bb4+ 9. Bd2 Qa5 10. Bc4 Bxd2+ 11. Nxd2 Nc6 12. d5 Ne5 13. O-O Nxc4 14.
Nxc4 Qb4 15. Qd4 O-O 16. a4 exd5 17. exd5 Bf5 18. Rfd1 Rac8 19. Ne3 Qxd4 20.
Rxd4 Bd7 21. Nc4 Rfd8 22. Nd6 Rc7 23. Re1 g6 24. Ne4 Kg7 25. Rb4 b6 26. h3 Bf5
27. Rd1 Bxe4 1/2-1/2

[Event "FB22 1920 SV Mülheim-Nord - Lübecker"]
[Site "?"]
[Date "2019.12.14"]
[Round "3.2"]
[White "Limbourg, Marina"]
[Black "Braeutigam, Irina"]
[Result "1-0"]
[WhiteElo "2023"]
[BlackElo "2074"]
[PlyCount "57"]
[EventDate "2019.??.??"]

1. e4 d5 2. exd5 Qxd5 3. d4 Nf6 4. c4 Qd8 5. Nc3 c6 6. Nf3 Bg4 7. Be2 e6 8. O-O
Be7 9. Bf4 O-O 10. Qb3 b6 11. Rfd1 Bd6 12. Ne5 Bxe2 13. Nxe2 Qc7 14. Qf3 Nfd7
15. Qg3 Bxe5 16. dxe5 c5 17. Rd6 Re8 18. Bh6 g6 19. Rad1 Nf8 20. Qf3 Nbd7 21.
h3 f5 22. exf6 Kf7 23. Bf4 Nxf6 24. Rxe6 Qc8 25. Rc6 Qf5 26. Ng3 Qc2 27. Bg5
Qxd1+ 28. Qxd1 N8d7 29. Rc7 1-0

[Event "FB22 1920 SV Mülheim-Nord - Lübecker"]
[Site "?"]
[Date "2019.12.14"]
[Round "3.3"]
[White "Glinzner, Alva"]
[Black "Kinzel, Tiffany"]
[Result "1-0"]
[WhiteElo "1812"]
[BlackElo "1785"]
[PlyCount "133"]
[EventDate "2019.??.??"]

1. e4 c5 2. Nf3 d6 3. Bb5+ Bd7 4. Bxd7+ Nxd7 5. O-O Ngf6 6. Re1 Qc7 7. Qe2 e6
8. c3 c4 9. d4 cxd3 10. Qxd3 Be7 11. Nbd2 O-O 12. Nf1 Nc5 13. Qc2 d5 14. exd5
Nxd5 15. Ng3 Rad8 16. Ng5 Nf6 17. Nh5 Nd3 18. Rd1 Ng4 19. Bf4 Qc5 20. Ne4 Qxh5
21. Rxd3 e5 22. Rh3 Qg6 23. Be3 b6 24. Rg3 f5 25. Qb3+ Kh8 26. h3 fxe4 27. Rxg4
Qc6 28. Qc2 Rd3 29. Qe2 Rfd8 30. Re1 Qa4 31. b3 Qc6 32. Rc1 Ba3 33. Rc2 Rd1+
34. Kh2 R1d3 35. Bg5 Rf8 36. Rxe4 Rxc3 37. Rxc3 Qxc3 38. Rc4 Qa5 39. Be3 Bd6
40. Qd3 Bc5 41. Rh4 e4 42. Qxe4 Bd6+ 43. g3 Qf5 44. Qxf5 Rxf5 45. Rd4 Rf6 46.
Bf4 Bc5 47. Rd8+ Rf8 48. Rxf8+ Bxf8 49. Kg2 Kg8 50. Be5 Kf7 51. f4 Ke6 52. Kf3
Kd5 53. g4 Kc5 54. Bb2 Kd5 55. f5 g6 56. Kf4 Be7 57. g5 Bd6+ 58. Kg4 Ke4 59. f6
Kd3 60. f7 Bf8 61. Kf4 a5 62. Be5 b5 63. Bc7 a4 64. Ke5 b4 65. bxa4 Kc3 66. Bd6
Bg7+ 67. Ke6 1-0

[Event "FB22 1920 SV Mülheim-Nord - Lübecker"]
[Site "?"]
[Date "2019.12.14"]
[Round "3.4"]
[White "Hiebsch, Catalina"]
[Black "Mundt, Alexandra"]
[Result "1-0"]
[WhiteElo "1797"]
[BlackElo "1775"]
[PlyCount "99"]
[EventDate "2019.??.??"]

1. e4 e5 2. Nf3 Nf6 3. Nc3 Bb4 4. Bc4 Nc6 5. d3 d6 6. a3 Ba5 7. b4 Bb6 8. h3 h6
9. Na4 Be6 10. Nxb6 axb6 11. Bxe6 fxe6 12. Bb2 Qd7 13. O-O O-O 14. Nh2 Ne7 15.
f4 exf4 16. Rxf4 e5 17. Rf2 Ng6 18. Bc1 Qc6 19. Bd2 b5 20. c3 Kh7 21. Qb3 Qb6
22. Re1 Nd5 23. Nf3 Ndf4 24. Re3 Qa7 25. Bc1 Qb8 26. Kh2 Qd8 27. g3 Nh5 28.
Ree2 Qe7 29. Qc2 Nf6 30. d4 Nd7 31. d5 Nb6 32. Nd2 Rxf2+ 33. Rxf2 Rf8 34. Rxf8
Qxf8 35. Kg2 Nh8 36. Qd3 Qe8 37. c4 bxc4 38. Nxc4 Qb5 39. Nxe5 Qxd3 40. Nxd3
Nf7 41. h4 Kg6 42. g4 Nc4 43. a4 Kf6 44. a5 Nfe5 45. Bb2 Nxb2 46. Nxb2 Nxg4 47.
b5 Ne5 48. a6 bxa6 49. bxa6 Nd7 50. Nc4 1-0

[Event "FB22 1920 SV Mülheim-Nord - Lübecker"]
[Site "?"]
[Date "2019.12.14"]
[Round "3.5"]
[White "Braeutigam, Katerina"]
[Black "Stoer, Agnes"]
[Result "1-0"]
[WhiteElo "1660"]
[BlackElo "1862"]
[PlyCount "57"]
[EventDate "2019.??.??"]

1. e4 e6 2. d4 d5 3. e5 c5 4. c3 Nc6 5. Nf3 cxd4 6. cxd4 Bb4+ 7. Bd2 Bxd2+ 8.
Qxd2 Nge7 9. Na3 a6 10. Nc2 Bd7 11. Bd3 h6 12. O-O O-O 13. Nfe1 f5 14. f4 Qb6
15. Nf3 Rac8 16. h3 Na5 17. b3 Bb5 18. Bxb5 Qxb5 19. Rf2 Rc7 20. Raf1 Rfc8 21.
Nfe1 h5 22. Qd1 g6 23. g4 hxg4 24. hxg4 Qe8 25. Rg2 fxg4 26. Qxg4 Qf7 27. Ne3
Rc3 28. f5 Rxe3 29. fxg6 1-0

[Event "FB22 1920 Delmenhorster SK - SV Hemer 1"]
[Site "?"]
[Date "2019.12.15"]
[Round "4.1"]
[White "Cosma, Elena-Luminita"]
[Black "Moenster, Madita"]
[Result "1-0"]
[WhiteElo "2307"]
[BlackElo "1956"]
[PlyCount "75"]
[EventDate "2019.??.??"]
[EventType "team-tourn"]

1. d4 Nf6 2. Nf3 g6 3. g3 Bg7 4. Bg2 O-O 5. O-O d6 6. b3 c5 7. c4 Nc6 8. Bb2
Ne4 9. Nbd2 Bf5 10. Nh4 Nxd2 11. Qxd2 cxd4 12. Nxf5 gxf5 13. Bxc6 bxc6 14. Bxd4
Bxd4 15. Qxd4 e5 16. Qc3 Qf6 17. Rad1 Rfd8 18. Qf3 e4 19. Qe3 Qg6 20. Rd4 a5
21. Rfd1 a4 22. Qf4 axb3 23. axb3 d5 24. cxd5 cxd5 25. Rxd5 Qf6 26. Kg2 Rxd5
27. Rxd5 Qb6 28. Rxf5 Ra7 29. Qxe4 Qxb3 30. Qe8+ Kg7 31. Qe5+ Kg8 32. Rg5+ Kf8
33. Qd6+ Re7 34. Re5 Qb7+ 35. e4 Qc7 36. Qxe7+ Qxe7 37. Rxe7 Kxe7 38. f4 1-0

[Event "FB22 1920 Delmenhorster SK - SV Hemer 1"]
[Site "?"]
[Date "2019.12.15"]
[Round "4.2"]
[White "Wallat, Jessica"]
[Black "Voicu-Jagodzinsky, Carmen"]
[Result "0-1"]
[WhiteElo "1670"]
[BlackElo "2244"]
[PlyCount "86"]
[EventDate "2019.??.??"]
[EventType "team-tourn"]

1. e4 c5 2. Nf3 Nc6 3. d4 cxd4 4. Nxd4 g6 5. Be3 Bg7 6. Nc3 Nf6 7. Bc4 Qa5 8.
O-O O-O 9. Bb3 d6 10. h3 Bd7 11. Nde2 b5 12. f3 Rfc8 13. Nd5 Qd8 14. c3 Na5 15.
Bd4 e5 16. Be3 Nxb3 17. axb3 Nxd5 18. exd5 a5 19. Qd3 f5 20. c4 f4 21. Bf2 Bf5
22. Qc3 a4 23. Qb4 Rab8 24. cxb5 axb3 25. Qxb3 Bc2 26. Qb4 Bd3 27. Qd2 Bxb5 28.
Rfc1 e4 29. Nxf4 Bd7 30. Rxc8 Qxc8 31. Rc1 Qe8 32. fxe4 Rxb2 33. Qe1 g5 34. Nd3
Rb3 35. Rd1 Bb5 36. Qe3 h6 37. Bg3 Qh5 38. Rd2 Bc3 39. Ra2 Qd1+ 40. Kh2 Qxd3
41. Ra8+ Kh7 42. Qb6 Qxg3+ 43. Kxg3 Bd4+ 0-1

[Event "FB22 1920 Delmenhorster SK - SV Hemer 1"]
[Site "?"]
[Date "2019.12.15"]
[Round "4.3"]
[White "Ciolacu, Alessia-Mihaela"]
[Black "Zoellner, Bente"]
[Result "1-0"]
[WhiteElo "2072"]
[BlackElo "1630"]
[PlyCount "47"]
[EventDate "2019.??.??"]
[EventType "team-tourn"]

1. Nf3 Nf6 2. d4 g6 3. Nbd2 d6 4. e4 Nc6 5. c3 Bg7 6. Bd3 Bd7 7. O-O O-O 8. Nc4
a6 9. Bg5 b5 10. Ne3 h6 11. Bh4 g5 12. Bg3 Nh5 13. d5 Nxg3 14. hxg3 Ne5 15.
Nxe5 Bxe5 16. f4 Bg7 17. fxg5 hxg5 18. Qh5 f6 19. e5 Re8 20. e6 Qc8 21. Qh7+
Kf8 22. Nf5 Rd8 23. Qxg7+ Ke8 24. Qf7# 1-0

[Event "FB22 1920 Delmenhorster SK - SV Hemer 1"]
[Site "?"]
[Date "2019.12.15"]
[Round "4.4"]
[White "Wollscheid, Stefanie"]
[Black "Dartmann Aubanell, Catriona"]
[Result "1/2-1/2"]
[WhiteElo "1682"]
[BlackElo "1655"]
[PlyCount "37"]
[EventDate "2019.??.??"]
[EventType "team-tourn"]

1. e4 e6 2. d4 d5 3. e5 c5 4. c3 Qb6 5. Nf3 Bd7 6. Be2 cxd4 7. cxd4 Bb5 8. O-O
Bxe2 9. Qxe2 Nc6 10. Be3 Nge7 11. Nc3 Nf5 12. Rad1 Be7 13. a3 O-O 14. Kh1 f6
15. exf6 Bxf6 16. Na4 Qc7 17. Nc5 Rfe8 18. Qd3 Rad8 19. Nxe6 1/2-1/2

[Event "FB22 1920 Delmenhorster SK - SV Hemer 1"]
[Site "?"]
[Date "2019.12.15"]
[Round "4.5"]
[White "Naumenko, Valerija"]
[Black "Wilmink, Anna"]
[Result "1-0"]
[WhiteElo "1630"]
[BlackElo "1569"]
[PlyCount "71"]
[EventDate "2019.??.??"]
[EventType "team-tourn"]

1. e4 c5 2. Nf3 g6 3. d4 cxd4 4. Nxd4 Nc6 5. c4 Bg7 6. Nc2 d6 7. Nc3 Bxc3+ 8.
bxc3 Qa5 9. Bd2 Nf6 10. f3 Ne5 11. Be2 Be6 12. Ne3 O-O 13. Nd5 Rfe8 14. O-O
Rac8 15. Qb3 b6 16. Rad1 Qc5+ 17. Be3 Qc6 18. c5 Bxd5 19. exd5 Qa8 20. Bb5 Red8
21. c6 Ne8 22. Bd4 f6 23. f4 Nf7 24. Rde1 Rc7 25. Qd1 Qc8 26. Bd3 Ng7 27. Qf3
Nh6 28. Re2 Re8 29. Rfe1 Kf7 30. a4 e5 31. fxe5 dxe5 32. Bxe5 Rce7 33. Qxf6+
Kg8 34. d6 Rf7 35. Bc4 Ref8 36. Qxg7# 1-0

[Event "FB22 1920 Delmenhorster SK - SV Hemer 1"]
[Site "?"]
[Date "2019.12.15"]
[Round "4.6"]
[White "Koenig, Emmilie"]
[Black "Manus, Julia"]
[Result "1/2-1/2"]
[WhiteElo "1517"]
[BlackElo "1256"]
[PlyCount "40"]
[EventDate "2019.??.??"]
[EventType "team-tourn"]

1. Nf3 Nf6 2. d4 e6 3. c3 d5 4. Bf4 Bd6 5. Ne5 Nbd7 6. e3 O-O 7. Nd2 c6 8. Bd3
Qc7 9. Nxd7 Bxd7 10. Bg5 Be7 11. Nf3 Bc8 12. Qc2 h6 13. Bh4 Qd8 14. Ne5 Nd7 15.
Bxe7 Qxe7 16. Nxd7 Bxd7 17. f4 f5 18. Qf2 g6 19. h4 h5 20. Be2 Qf7 1/2-1/2

[Event "FB22 1920 Hamburger SK II - Schachclub "]
[Site "?"]
[Date "2019.12.15"]
[Round "4.1"]
[White "Freitag, Julia"]
[Black "Scognamiglio, Stefanie"]
[Result "1/2-1/2"]
[WhiteElo "2120"]
[BlackElo "2086"]
[PlyCount "64"]
[EventDate "2019.??.??"]
[EventType "team-tourn"]

1. d4 Nf6 2. e3 g6 3. f4 Bg7 4. Nf3 c5 5. c3 b6 6. Nbd2 Bb7 7. Bc4 Qc7 8. O-O
e6 9. Ne5 O-O 10. Qe2 d6 11. Ng4 Nbd7 12. Nxf6+ Nxf6 13. Nf3 Rac8 14. Bd3 c4
15. Bc2 Be4 16. Ng5 Bxc2 17. Qxc2 h6 18. Ne4 Nxe4 19. Qxe4 d5 20. Qf3 f5 21.
Bd2 Bf6 22. g4 Qf7 23. Be1 h5 24. g5 Bd8 25. b3 Qd7 26. b4 Qa4 27. Qd1 Qa3 28.
Qc1 Qa4 29. Qd1 Qxd1 30. Rxd1 Ra8 31. a4 a5 32. b5 Be7 1/2-1/2

[Event "FB22 1920 Hamburger SK II - Schachclub "]
[Site "?"]
[Date "2019.12.15"]
[Round "4.2"]
[White "Rogozenco, Ileana"]
[Black "Miljkovic, Jovana"]
[Result "0-1"]
[WhiteElo "2056"]
[BlackElo "2021"]
[PlyCount "78"]
[EventDate "2019.??.??"]
[EventType "team-tourn"]

1. e4 c5 2. Nf3 d6 3. d4 cxd4 4. Nxd4 Nf6 5. Nc3 a6 6. g3 e5 7. Nb3 Be7 8. Bg2
O-O 9. O-O Be6 10. a4 Nc6 11. h3 Rc8 12. Be3 Nb4 13. f4 Re8 14. a5 exf4 15.
gxf4 Nc6 16. Bb6 Qd7 17. Kh2 Bf8 18. Nd4 Nxd4 19. Bxd4 Qe7 20. Qd2 Nh5 21. f5
Bc4 22. Rf3 Qc7 23. Qg5 d5+ 24. Kh1 dxe4 25. Re3 Qd8 26. Qxh5 Qxd4 27. Rxe4
Rxe4 28. Bxe4 Qe5 29. Qg4 Rd8 30. Qg2 Qf4 31. Nd5 Bxd5 32. Bxd5 Bc5 33. c4 Re8
34. Rd1 Qh4 35. Bxf7+ Kxf7 36. Qd5+ Kf6 37. Qxc5 Qxh3+ 38. Kg1 Qg3+ 39. Kf1
Qf3+ 0-1

[Event "FB22 1920 Hamburger SK II - Schachclub "]
[Site "?"]
[Date "2019.12.15"]
[Round "4.3"]
[White "Moeller, Hannah"]
[Black "Wulf, Constanze"]
[Result "0-1"]
[WhiteElo "1832"]
[BlackElo "1792"]
[PlyCount "106"]
[EventDate "2019.??.??"]
[EventType "team-tourn"]

1. Nf3 d5 2. g3 Nf6 3. Bg2 c6 4. O-O Bf5 5. d4 Nbd7 6. c4 e6 7. c5 b6 8. cxb6
axb6 9. Nc3 Bd6 10. Nh4 Bg4 11. h3 Bh5 12. Bd2 O-O 13. Qc2 c5 14. Nb5 Bb8 15.
dxc5 Bxe2 16. c6 Bxb5 17. Rfc1 Nc5 18. b4 Na6 19. a4 Bc4 20. b5 Nc5 21. Bb4 Nb3
22. Bxf8 Qxf8 23. Nf3 Bc7 24. Nd2 Nxa1 25. Rxa1 Bxb5 26. Ra2 Ba6 27. Nb3 Qb4
28. Bf1 Bxf1 29. Kxf1 Rxa4 30. Nd4 Rxa2 31. Qxa2 Qc4+ 32. Qxc4 dxc4 33. Nb5 Nd5
34. Ke2 Kf8 35. Kf3 Ke7 36. Ke4 c3 37. Kd3 Be5 38. f4 Bd6 39. h4 h5 40. Kc2
Nb4+ 41. Kxc3 Nxc6 42. Kc4 Bc5 43. Nc3 f5 44. Kb5 Kd6 45. Kc4 Bf2 46. Ne2 Ne7
47. Kb5 Nd5 48. Kc4 Nf6 49. Nc3 Bxg3 50. Nb5+ Kd7 51. Nd4 Bxh4 52. Kb5 Nd5 53.
Nf3 Bf6 0-1

[Event "FB22 1920 Hamburger SK II - Schachclub "]
[Site "?"]
[Date "2019.12.15"]
[Round "4.4"]
[White "Bildat, Emilia"]
[Black "Veldhuis, Karina"]
[Result "0-1"]
[WhiteElo "1754"]
[BlackElo "1812"]
[PlyCount "142"]
[EventDate "2019.??.??"]
[EventType "team-tourn"]

1. c4 e5 2. g3 Nf6 3. Bg2 c6 4. Nc3 d6 5. e4 Be6 6. d3 Nbd7 7. Nge2 Be7 8. O-O
O-O 9. f4 Qb6+ 10. Kh1 exf4 11. gxf4 Ng4 12. Qe1 Nc5 13. d4 Nd3 14. Qg3 Nxc1
15. Raxc1 f5 16. h3 Nf6 17. d5 Bd7 18. e5 Nh5 19. Qf3 Be8 20. b3 dxe5 21. fxe5
Bg5 22. Rcd1 cxd5 23. cxd5 Qh6 24. d6 Bc6 25. Nd5 Rae8 26. Qc3 Qe6 27. d7 Bxd7
28. Nc7 Qxe5 29. Nxe8 Qxc3 30. Nxc3 Ng3+ 31. Kg1 Be3+ 32. Rf2 Bxe8 33. Rd3
Bxf2+ 34. Kxf2 Ne4+ 35. Ke3 Nxc3 36. Rxc3 f4+ 37. Kf2 f3 38. Rxf3 Rxf3+ 39.
Bxf3 b6 40. h4 h6 41. Kg3 Kf7 42. Kf4 Kf6 43. h5 Bb5 44. a3 Bd3 45. b4 a5 46.
bxa5 bxa5 47. Bd1 Bf5 48. Bb3 g6 49. hxg6 Bxg6 50. Bd1 Ke6 51. Ke3 Ke5 52. Be2
Kd5 53. Kd2 Kd4 54. Bd1 Kc4 55. Kc1 Kc3 56. Ba4 h5 57. Bd7 Kb3 58. a4 Bf7 59.
Kb1 Kb4 60. Kb2 Bb3 61. Be8 h4 62. Bd7 Bxa4 63. Bh3 Bb3 64. Bg4 a4 65. Bh3 a3+
66. Ka1 Kc3 67. Bf5 Kd4 68. Bh3 Ke4 69. Bf1 Kf3 70. Bh3 Kg3 71. Bf1 Bd5 0-1

[Event "FB22 1920 Hamburger SK II - Schachclub "]
[Site "?"]
[Date "2019.12.15"]
[Round "4.5"]
[White "Schmitz, Carolin"]
[Black "Neumann, Ramona"]
[Result "1-0"]
[WhiteElo "1758"]
[BlackElo "1692"]
[PlyCount "65"]
[EventDate "2019.??.??"]
[EventType "team-tourn"]

1. e4 e6 2. d4 d5 3. exd5 exd5 4. Nf3 Bd6 5. Bd3 Ne7 6. O-O O-O 7. Be3 Nd7 8.
c3 f5 9. Qc2 b6 10. Nh4 Nb8 11. Bg5 g6 12. Nd2 c5 13. dxc5 bxc5 14. Nhf3 Qc7
15. Rfe1 Ba6 16. Bxa6 Nxa6 17. Bxe7 Bxe7 18. Qd3 Rf6 19. Qxd5+ Kg7 20. Ng5 Rd8
21. Ne6+ Rxe6 22. Qxe6 Bf6 23. Nb3 Rd6 24. Qc4 Qb6 25. Rad1 Rc6 26. Rd7+ Kh6
27. Qg8 Kg5 28. Rxh7 f4 29. h4+ Kf5 30. Qc4 Re6 31. Qd3+ Kg4 32. Qf3+ Kf5 33.
g4# 1-0

[Event "FB22 1920 Hamburger SK II - Schachclub "]
[Site "?"]
[Date "2019.12.15"]
[Round "4.6"]
[White "Hoefner, Nina"]
[Black "Raus, Christina"]
[Result "1-0"]
[WhiteElo "1579"]
[BlackElo "1596"]
[PlyCount "31"]
[EventDate "2019.??.??"]
[EventType "team-tourn"]

1. e4 e5 2. Nc3 Nf6 3. f4 exf4 4. e5 Ng8 5. Nf3 Bb4 6. d4 Ne7 7. Bxf4 Nd5 8.
Bd2 Nxc3 9. bxc3 Ba5 10. Bd3 d6 11. O-O O-O 12. Ng5 g6 13. Ne4 Kg7 14. Bg5 Qd7
15. Bf6+ Kg8 16. Qd2 1-0

[Event "FB22 1920 Lübecker SV - SK Langen"]
[Site "?"]
[Date "2019.12.15"]
[Round "4.2"]
[White "Braeutigam, Irina"]
[Black "Riegel, Arinna"]
[Result "1-0"]
[WhiteElo "2074"]
[BlackElo "1891"]
[PlyCount "57"]
[EventDate "2019.??.??"]

1. Nf3 c5 2. c4 Nf6 3. Nc3 g6 4. g3 Bg7 5. Bg2 O-O 6. d4 cxd4 7. Nxd4 Nc6 8.
O-O Nxd4 9. Qxd4 d6 10. Rd1 Nd7 11. Qh4 Re8 12. Bg5 f6 13. Bh6 Bxh6 14. Qxh6
Ne5 15. h3 Nf7 16. Qf4 Kg7 17. c5 g5 18. Qb4 Qd7 19. Rac1 dxc5 20. Qxc5 Nd6 21.
Nd5 b6 22. Qc7 Nb5 23. Qxd7 Bxd7 24. Nxf6 Nc3 25. a4 e5 26. Bb7 Bc6 27. bxc3
Bg2 28. a5 h6 29. Nd5 1-0

[Event "FB22 1920 Lübecker SV - SK Langen"]
[Site "?"]
[Date "2019.12.15"]
[Round "4.3"]
[White "Flach, Helene"]
[Black "Glinzner, Alva"]
[Result "1/2-1/2"]
[WhiteElo "1807"]
[BlackElo "1812"]
[PlyCount "68"]
[EventDate "2019.??.??"]

1. e4 c5 2. Nf3 e6 3. d4 cxd4 4. Nxd4 a6 5. Bd3 Qc7 6. O-O Nf6 7. c4 Be7 8. Nc3
O-O 9. Kh1 d6 10. f4 Nbd7 11. Be3 b6 12. Qe2 Bb7 13. Nb3 Nb8 14. Rad1 Nc6 15.
Rf3 Rac8 16. a3 Nd7 17. Rh3 g6 18. Rf1 Bf6 19. Na4 Rb8 20. Qf2 Bc8 21. Nc3 Qd8
22. Nd4 Nxd4 23. Bxd4 Bxd4 24. Qxd4 Nc5 25. Rg3 Qc7 26. Bc2 Bb7 27. b4 Nd7 28.
Rd1 Rfd8 29. Bb3 Nf8 30. Rgd3 Rd7 31. Qf2 Rbd8 32. Qe3 Rb8 33. Qd2 Rbd8 34. Qe3
Rb8 1/2-1/2

[Event "FB22 1920 Lübecker SV - SK Langen"]
[Site "?"]
[Date "2019.12.15"]
[Round "4.4"]
[White "Mundt, Alexandra"]
[Black "Buchholz, Maja"]
[Result "1-0"]
[WhiteElo "1775"]
[BlackElo "1666"]
[PlyCount "73"]
[EventDate "2019.??.??"]

1. e4 e6 2. d4 d5 3. Nd2 Nf6 4. e5 Nfd7 5. Bd3 c5 6. c3 Nc6 7. Ne2 cxd4 8. cxd4
f6 9. exf6 Nxf6 10. O-O Bd6 11. Nf3 Qc7 12. h3 O-O 13. Bd2 Bd7 14. Rc1 Qb6 15.
Bc3 Be8 16. Ng5 Bd7 17. Bb1 Rae8 18. Qc2 h6 19. Nh7 Rf7 20. Nxf6+ Rxf6 21. Qh7+
Kf7 22. Ng3 Bxg3 23. fxg3 Nxd4 24. Bg6+ Kf8 25. Rxf6+ Ke7 26. Qxg7+ Kd6 27.
Bxd4 Qxd4+ 28. Kh2 Qd2 29. Bxe8 Qxc1 30. Qxd7+ Ke5 31. Qxe6+ Kd4 32. Rf4+ Kd3
33. Qxd5+ Ke3 34. Qd4+ Ke2 35. Re4+ Kf1 36. Bb5+ Qc4 37. Bxc4# 1-0

[Event "FB22 1920 Lübecker SV - SK Langen"]
[Site "?"]
[Date "2019.12.15"]
[Round "4.5"]
[White "Kunisch, Nina"]
[Black "Braeutigam, Katerina"]
[Result "0-1"]
[WhiteElo "1694"]
[BlackElo "1660"]
[PlyCount "120"]
[EventDate "2019.??.??"]

1. e4 c6 2. c4 d5 3. cxd5 cxd5 4. exd5 Nf6 5. Nc3 Nxd5 6. Nf3 e6 7. d4 Be7 8.
Bc4 Nxc3 9. bxc3 Qc7 10. Qb3 O-O 11. Bd3 Nc6 12. O-O Rd8 13. Qc2 h6 14. Re1 b6
15. Qe2 Bf8 16. Bd2 Bb7 17. Qe4 g6 18. Qh4 Rd5 19. Bf4 Qd8 20. Qxd8 Rdxd8 21.
Be4 Rac8 22. Rac1 g5 23. Bg3 Ba3 24. Rc2 Na5 25. Bxb7 Nxb7 26. Ree2 Na5 27. h3
Nc4 28. Ne5 Nxe5 29. Bxe5 Rc4 30. Red2 Kf8 31. Bf6 Rd5 32. g4 Be7 33. Bxe7+
Kxe7 34. Kf1 Rd7 35. Ke2 b5 36. Ke3 a5 37. f3 f6 38. Ke4 e5 39. Ke3 exd4+ 40.
cxd4 Rdxd4 41. Rxc4 Rxc4 42. Rd5 Rb4 43. a4 Ke6 44. Rf5 bxa4 45. Rxa5 Rb3+ 46.
Kf2 a3 47. Kg3 Kd6 48. h4 gxh4+ 49. Kxh4 Rxf3 50. Kh5 Kc6 51. Kxh6 Kb6 52. Ra8
Kb5 53. Kg6 Kb4 54. g5 fxg5 55. Kxg5 Kb3 56. Kg4 Rc3 57. Kf4 a2 58. Rb8+ Kc2
59. Ra8 Kb2 60. Rb8+ Rb3 0-1

[Event "FB22 1920 SK Doppelbauer Kiel - SV Mülh"]
[Site "?"]
[Date "2019.12.15"]
[Round "4.1"]
[White "Plass, Mariana-Camelia"]
[Black "Silz, Elisa"]
[Result "1-0"]
[WhiteElo "2049"]
[BlackElo "2062"]
[PlyCount "75"]
[EventDate "2019.??.??"]

1. d4 Nf6 2. c4 g6 3. Nc3 Bg7 4. e4 d6 5. h3 O-O 6. Nf3 e5 7. d5 a5 8. Bg5 h6
9. Be3 Na6 10. g4 Nd7 11. Qd2 Kh7 12. g5 h5 13. Be2 Ndc5 14. Rb1 Bd7 15. Kf1
Qe7 16. Kg2 c6 17. b3 Rfb8 18. a3 a4 19. bxa4 Qd8 20. Bd1 cxd5 21. cxd5 Qa5 22.
Nb5 Qxd2 23. Nxd2 Bf8 24. Bc2 Rc8 25. Rhc1 Nc7 26. Nc4 Nxb5 27. axb5 Rd8 28.
Rb4 Be8 29. a4 Be7 30. Nb6 Rab8 31. a5 Nd7 32. Nxd7 Rxd7 33. Bd3 Bd8 34. b6 h4
35. a6 bxa6 36. Bxa6 Be7 37. Bc8 Rd8 38. b7 1-0